| 000 | 00807nam a22002537a 4500 | ||
|---|---|---|---|
| 999 |
_c245 _d245 |
||
| 001 | 647 | ||
| 003 | BD-DhUAP | ||
| 005 | 20200120101900.0 | ||
| 008 | 200120s19951986ii a b 001 0 eng d | ||
| 020 | _a0070255261 | ||
| 040 |
_aDLC _cDLC _dBD-DhUAP _bEng |
||
| 082 | 0 | 0 |
_223 _a005.26 HAL |
| 100 | 1 | _aHall, Douglas V. | |
| 245 | 1 | 0 |
_aMicroprocessors and interfacing : _bprogramming and hardware / _cDouglas V. Hall. |
| 260 |
_aNew Delhi : _bTata McGraw-Hill, _cc1986 [Reprinted 1995]. |
||
| 300 |
_avi, 554 pages : _billustrations ; _c29 cm. |
||
| 504 | _aIncludes bibliographical references and index. | ||
| 650 | 0 |
_aMicroprocessors _xProgramming. |
|
| 650 | 0 | _aMicroprocessors. | |
| 650 | 0 | _aComputer interfaces. | |
| 942 | 0 | 0 |
_2ddc _cBK |